| 000 | 00361cam a2200145ua 4500 | ||
|---|---|---|---|
| 041 |
_aeng _h |
||
| 082 |
_a928.1 _bPEA/LI |
||
| 100 | _aPearson, Hesketh . | ||
| 245 |
_aLife of Oscar Wilde / _cHesketh Pearson. _hTextual Documents |
||
| 260 |
_aLondon : _bMethuen and Co. Ltd , _c1966. |
||
| 300 | _a399 ; . | ||
| 504 | _a | ||
| 942 | _cBK | ||
| 999 |
_c6150 _d6150 |
||